000 00237nam a22000857a 4500
008 160715b xxu||||| |||| 00| 0 eng d
100 _92907
_a Raskin, E
245 _aThe Mysterious Disappearance of Leon
260 _aNew York
_b E.P.Dutton
_c1971
999 _c2472
_d2472